Statistics for Быстрая математика - удвойте это число!

Click here to take the quiz!

General Stats

  • This quiz has been taken 451 times
  • The average score is 10 of 20

Answer Stats

числодвойной% Correct
510
100%
51102
100%
5171034
100%
52104
100%
5261052
100%
5331066
100%
5361072
100%
5441088
100%
5701140
100%
5721144
100%
6041208
100%
6181236
100%
6211242
100%
6491298
100%
6651330
100%
714
100%
70140
100%
7001400
100%
7031406
100%
72144
100%
73146
100%
7391478
100%
7401480
100%
76152
100%
7631526
100%
7641528
100%
8051610
100%
8071614
100%
82164
100%
8341668
100%
84168
100%
8441688
100%
8451690
100%
85170
100%
8531706
100%
8611722
100%
87174
100%
8871774
100%
918
100%
9001800
100%
9041808
100%
9051810
100%
91182
100%
9121824
100%
93186
100%
9641928
100%
1020
100%
100200
100%
104208
100%
108216
100%
111222
100%
112224
100%
126252
100%
1326
100%
131262
100%
132264
100%
133266
100%
137274
100%
142284
100%
1530
100%
150300
100%
157314
100%
162324
100%
199398
100%
200400
100%
201402
100%
202404
100%
203406
100%
205410
100%
210420
100%
221442
100%
222444
100%
231462
100%
233466
100%
240480
100%
252504
100%
253506
100%
254508
100%
303606
100%
311622
100%
312624
100%
316632
100%
318636
100%
322644
100%
324648
100%
3366
100%
330660
100%
332664
100%
344688
100%
346692
100%
352704
100%
3672
100%
361722
100%
365730
100%
366732
100%
381762
100%
4080
100%
401802
100%
4182
100%
412824
100%
416832
100%
4284
100%
420840
100%
434868
100%
4590
100%
451902
100%
452904
100%
457914
100%
464928
100%
486972
100%
4998
100%
497994
100%
305610
90%
53106
88%
6091218
88%
8021604
88%
120240
88%
152304
88%
299598
88%
435870
88%
5301060
86%
78156
86%
1428
86%
61122
83%
63126
83%
6601320
83%
71142
83%
8151630
83%
103206
83%
1734
83%
204408
83%
2856
83%
3162
83%
323646
83%
441882
83%
462924
83%
5351070
80%
5451090
80%
55110
80%
5851170
80%
5991198
80%
6081216
80%
6231246
80%
6741348
80%
7101420
80%
7301460
80%
77154
80%
88176
80%
9011802
80%
9191838
80%
105210
80%
110220
80%
113226
80%
135270
80%
1632
80%
164328
80%
2142
80%
245490
80%
248496
80%
2652
80%
272544
80%
2958
80%
308616
80%
404808
80%
410820
80%
421842
80%
431862
80%
461922
80%
313626
78%
5031006
75%
5071014
75%
5141028
75%
5241048
75%
54108
75%
5581116
75%
6001200
75%
6101220
75%
6121224
75%
6221244
75%
6441288
75%
6501300
75%
75150
75%
7901580
75%
8011602
75%
8041608
75%
8061612
75%
83166
75%
89178
75%
9071814
75%
9081816
75%
92184
75%
9201840
75%
9401880
75%
9741948
75%
116232
75%
140280
75%
143286
75%
147294
75%
158316
75%
159318
75%
1938
75%
211422
75%
2346
75%
234468
75%
242484
75%
246492
75%
250500
75%
256512
75%
263526
75%
302604
75%
336672
75%
351702
75%
354708
75%
402804
75%
417834
75%
4692
75%
467934
75%
4794
75%
481962
75%
207414
73%
79158
71%
9351870
71%
98196
71%
149298
71%
212424
71%
223446
71%
251502
71%
320640
71%
326652
71%
5001000
67%
5041008
67%
5051010
67%
5081016
67%
5221044
67%
5231046
67%
5551110
67%
5611122
67%
5801160
67%
59118
67%
60120
67%
6051210
67%
6141228
67%
6161232
67%
6301260
67%
6351270
67%
64128
67%
65130
67%
6551310
67%
6571314
67%
6811362
67%
7041408
67%
7091418
67%
7131426
67%
7231446
67%
7351470
67%
7601520
67%
7711542
67%
7721544
67%
7751550
67%
7801560
67%
7871574
67%
7881576
67%
816
67%
8081616
67%
8161632
67%
8241648
67%
8301660
67%
8331666
67%
8501700
67%
9031806
67%
9111822
67%
9471894
67%
97194
67%
9771954
67%
9841968
67%
9871974
67%
99198
67%
101202
67%
106212
67%
115230
67%
123246
67%
130260
67%
144288
67%
160320
67%
168336
67%
182364
67%
183366
67%
184368
67%
197394
67%
213426
67%
217434
67%
225450
67%
235470
67%
249498
67%
2550
67%
255510
67%
259518
67%
275550
67%
282564
67%
304608
67%
306612
67%
333666
67%
335670
67%
337674
67%
338676
67%
350700
67%
3774
67%
3876
67%
3978
67%
403806
67%
422844
67%
430860
67%
438876
67%
4488
67%
445890
67%
474948
67%
475950
67%
490980
67%
495990
67%
5311062
64%
307614
64%
7011402
63%
1224
63%
208416
63%
209418
63%
444888
63%
50100
60%
5271054
60%
5521104
60%
5631126
60%
5921184
60%
6191238
60%
6621324
60%
6801360
60%
6951390
60%
7121424
60%
7181436
60%
7411482
60%
8091618
60%
81162
60%
8271654
60%
8511702
60%
90180
60%
9151830
60%
9181836
60%
9271854
60%
9281856
60%
94188
60%
9481896
60%
9701940
60%
171342
60%
195390
60%
2040
60%
265530
60%
278556
60%
310620
60%
315630
60%
317634
60%
321642
60%
331662
60%
341682
60%
348696
60%
3570
60%
358716
60%
359718
60%
374748
60%
398796
60%
414828
60%
415830
60%
4896
60%
492984
60%
5091018
57%
6721344
57%
8201640
57%
8431686
57%
190380
57%
364728
57%
391782
57%
400800
57%
408816
57%
494988
57%
5101020
50%
5121024
50%
5181036
50%
5291058
50%
5321064
50%
5411082
50%
5471094
50%
56112
50%
5601120
50%
57114
50%
58116
50%
612
50%
6111222
50%
6131226
50%
6151230
50%
6171234
50%
6201240
50%
6251250
50%
6261252
50%
6271254
50%
6321264
50%
6331266
50%
6391278
50%
6401280
50%
6461292
50%
6521304
50%
6541308
50%
66132
50%
67134
50%
6711342
50%
6841368
50%
6901380
50%
6921384
50%
6931386
50%
6961392
50%
6991398
50%
7021404
50%
7061412
50%
7081416
50%
7141428
50%
7201440
50%
7261452
50%
7331466
50%
7341468
50%
74148
50%
7461492
50%
7491498
50%
7591518
50%
7621524
50%
7661532
50%
7771554
50%
7781556
50%
7891578
50%
7911582
50%
7931586
50%
7951590
50%
7971594
50%
8101620
50%
8211642
50%
8321664
50%
8381676
50%
8401680
50%
8481696
50%
8551710
50%
8631726
50%
8681736
50%
8701740
50%
8711742
50%
8781756
50%
8841768
50%
8881776
50%
8901780
50%
8941788
50%
9021804
50%
9061812
50%
9101820
50%
9371874
50%
9421884
50%
9451890
50%
95190
50%
9551910
50%
96192
50%
9601920
50%
9661932
50%
9691938
50%
9751950
50%
9781956
50%
9801960
50%
9831966
50%
9861972
50%
9881976
50%
9931986
50%
107214
50%
109218
50%
124248
50%
127254
50%
129258
50%
136272
50%
138276
50%
141282
50%
145290
50%
151302
50%
155310
50%
165330
50%
170340
50%
173346
50%
177354
50%
1836
50%
180360
50%
185370
50%
189378
50%
192384
50%
206412
50%
215430
50%
216432
50%
224448
50%
226452
50%
236472
50%
239478
50%
241482
50%
244488
50%
270540
50%
281562
50%
286572
50%
290580
50%
292584
50%
297594
50%
298596
50%
3060
50%
300600
50%
301602
50%
309618
50%
314628
50%
3264
50%
339678
50%
3468
50%
360720
50%
367734
50%
369738
50%
375750
50%
385770
50%
399798
50%
405810
50%
406812
50%
409818
50%
418836
50%
424848
50%
425850
50%
427854
50%
428856
50%
4386
50%
433866
50%
437874
50%
446892
50%
447894
50%
450900
50%
453906
50%
454908
50%
458916
50%
459918
50%
460920
50%
463926
50%
478956
50%
485970
50%
6451290
45%
5941188
44%
6941388
44%
8541708
44%
114228
44%
372744
44%
5151030
43%
5621124
43%
5811162
43%
6891378
43%
8221644
43%
9621924
43%
119238
43%
148296
43%
196392
43%
2244
43%
228456
43%
271542
43%
426852
43%
480960
43%
5131026
40%
5191038
40%
5211042
40%
5381076
40%
5501100
40%
5821164
40%
5951190
40%
6061212
40%
6071214
40%
6381276
40%
6411282
40%
6691338
40%
6731346
40%
6851370
40%
7051410
40%
7271454
40%
7371474
40%
7431486
40%
7561512
40%
7571514
40%
8391678
40%
8811762
40%
8991798
40%
9411882
40%
9511902
40%
9521904
40%
9811962
40%
125250
40%
146292
40%
163326
40%
174348
40%
178356
40%
229458
40%
261522
40%
280560
40%
343686
40%
368736
40%
376752
40%
377754
40%
379758
40%
380760
40%
383766
40%
466932
40%
477954
40%
499998
40%
6241248
38%
7991598
38%
9821964
38%
5541108
36%
5011002
33%
5201040
33%
5251050
33%
5371074
33%
5391078
33%
5421084
33%
5481096
33%
5561112
33%
5641128
33%
5711142
33%
5771154
33%
5981196
33%
6011202
33%
6021204
33%
6281256
33%
6291258
33%
6431286
33%
6681336
33%
6761352
33%
68136
33%
6821364
33%
6971394
33%
7221444
33%
7241448
33%
7281456
33%
7381476
33%
7441488
33%
7681536
33%
7701540
33%
7731546
33%
7841568
33%
8001600
33%
8031606
33%
8171634
33%
8191638
33%
8251650
33%
8411682
33%
8471694
33%
8581716
33%
8601720
33%
8751750
33%
8831766
33%
8911782
33%
8951790
33%
8981796
33%
9091818
33%
9221844
33%
9331866
33%
9461892
33%
9561912
33%
9591918
33%
9651930
33%
1122
33%
122244
33%
134268
33%
153306
33%
172344
33%
214428
33%
218436
33%
227454
33%
230460
33%
232464
33%
257514
33%
266532
33%
268536
33%
269538
33%
2754
33%
273546
33%
279558
33%
283566
33%
289578
33%
291582
33%
296592
33%
325650
33%
327654
33%
342684
33%
345690
33%
349698
33%
353706
33%
356712
33%
362724
33%
387774
33%
388776
33%
411822
33%
413826
33%
419838
33%
432864
33%
469938
33%
472944
33%
484968
33%
489978
33%
493986
33%
5911182
29%
6611322
29%
7741548
29%
8291658
29%
9361872
29%
219438
29%
264528
29%
274548
29%
276552
29%
373746
29%
397794
29%
455910
29%
5061012
25%
5341068
25%
5401080
25%
5661132
25%
5691138
25%
5731146
25%
5761152
25%
5781156
25%
5841168
25%
5861172
25%
6031206
25%
6341268
25%
6421284
25%
6531306
25%
6561312
25%
6881376
25%
7071414
25%
7171434
25%
7211442
25%
7321464
25%
7421484
25%
7471494
25%
7501500
25%
7521504
25%
7541508
25%
80160
25%
8111622
25%
8311662
25%
8371674
25%
8521704
25%
8591718
25%
8761752
25%
8791758
25%
8851770
25%
9231846
25%
9241848
25%
9341868
25%
9391878
25%
9491898
25%
9901980
25%
117234
25%
166332
25%
175350
25%
186372
25%
194388
25%
238476
25%
243486
25%
258516
25%
260520
25%
277554
25%
293586
25%
295590
25%
328656
25%
329658
25%
340680
25%
357714
25%
370740
25%
384768
25%
407814
25%
443886
25%
448896
25%
479958
25%
488976
25%
491982
25%
9381876
22%
9941988
22%
498996
22%
5431086
20%
5461092
20%
5491098
20%
5671134
20%
5831166
20%
5891178
20%
6671334
20%
6701340
20%
6831366
20%
7311462
20%
7551510
20%
7651530
20%
7811562
20%
7831566
20%
8141628
20%
8771754
20%
8961792
20%
9321864
20%
9721944
20%
9791958
20%
9891978
20%
128256
20%
139278
20%
167334
20%
188376
20%
389778
20%
439878
20%
482964
20%
5571114
17%
5681136
17%
6471294
17%
6771354
17%
7151430
17%
7361472
17%
7691538
17%
7791558
17%
8121624
17%
8281656
17%
8361672
17%
8491698
17%
8651730
17%
9681936
17%
285570
17%
287574
17%
355710
17%
394788
17%
396792
17%
473946
17%
5931186
14%
6631326
14%
8351670
14%
9431886
14%
9631926
14%
179358
14%
449898
14%
6781356
13%
8571714
13%
8931786
11%
5021004
0%
5111022
0%
5161032
0%
5281056
0%
5511102
0%
5531106
0%
5591118
0%
5651130
0%
5741148
0%
5751150
0%
5791158
0%
5871174
0%
5881176
0%
5901180
0%
5961192
0%
5971194
0%
62124
0%
6311262
0%
6361272
0%
6371274
0%
6481296
0%
6511302
0%
6581316
0%
6591318
0%
6641328
0%
6661332
0%
6751350
0%
6791358
0%
6861372
0%
6871374
0%
69138
0%
6911382
0%
6981396
0%
7111422
0%
7161432
0%
7191438
0%
7251450
0%
7291458
0%
7451490
0%
7481496
0%
7511502
0%
7531506
0%
7581516
0%
7611522
0%
7671534
0%
7761552
0%
7821564
0%
7851570
0%
7861572
0%
7921584
0%
7941588
0%
7961592
0%
7981596
0%
8131626
0%
8181636
0%
8231646
0%
8261652
0%
8421684
0%
8461692
0%
8561712
0%
86172
0%
8621724
0%
8641728
0%
8661732
0%
8671734
0%
8691738
0%
8721744
0%
8731746
0%
8741748
0%
8801760
0%
8821764
0%
8861772
0%
8891778
0%
8921784
0%
8971794
0%
9131826
0%
9141828
0%
9161832
0%
9171834
0%
9211842
0%
9251850
0%
9261852
0%
9291858
0%
9301860
0%
9311862
0%
9441888
0%
9501900
0%
9531906
0%
9541908
0%
9571914
0%
9581916
0%
9611922
0%
9671934
0%
9711942
0%
9731946
0%
9761952
0%
9851970
0%
9911982
0%
9921984
0%
102204
0%
118236
0%
121242
0%
154308
0%
156312
0%
161322
0%
169338
0%
176352
0%
181362
0%
187374
0%
191382
0%
193386
0%
198396
0%
220440
0%
237474
0%
2448
0%
247494
0%
262524
0%
267534
0%
284568
0%
288576
0%
294588
0%
319638
0%
334668
0%
347694
0%
363726
0%
371742
0%
378756
0%
382764
0%
386772
0%
390780
0%
392784
0%
393786
0%
395790
0%
423846
0%
429858
0%
436872
0%
440880
0%
442884
0%
456912
0%
465930
0%
468936
0%
470940
0%
471942
0%
476952
0%
483966
0%
487974
0%
496992
0%

Score Distribution

Percentile by Number Answered

Percent of People with Each Score

Your Score History

You have not taken this quiz